000 00746cab a2200265 4500
001 ABS44734
008 090401t1991 xxu||||| |||| 00| 0 eng d
035 _a(Sirsi) u48827
041 _aeng
100 _aArmitage, B.
245 _aMarketing on target
260 _c1991
350 _a0
490 _aEstates Times
_v(1099) 7 June 1991, 2(1)
520 _aExamines marketing issues for property professionals in a changing economic climate.
650 _aABOUT RICS-RICS MEMBERS
650 _aPRACTICE MANAGEMENT
650 _aRESEARCH
650 _aSTARTEGIC ISSUES
650 _aTOUCHE ROSS
690 _aMANAGEMENT-BUSINESS MANAGEMENT-PROFESSIONAL PRACTICE
700 _aPattison, A.
942 _n0
948 _c04/03/1997
999 _c30657
_d30657